| 000 | 00512nam a2200205Ia 4500 | ||
|---|---|---|---|
| 001 | 15398 | ||
| 003 | GE_BSU | ||
| 008 | 181216s||||||||xx |||||||||||||| ||und|| | ||
| 040 | _cGE_BSU | ||
| 080 | _a821.353.1-31 | ||
| 100 | _aქუთათელი, ა. | ||
| 245 | _aპირისპირ. | ||
| 245 | _bრომანი | ||
| 260 | _aტფილისი | ||
| 260 | _c1943 | ||
| 300 | _a278გვ.23გვ. | ||
| 653 | _aპირისპირ | ||
| 653 | _aრომანი. | ||
| 942 | _cBK | ||
| 999 |
_c48501 _d48501 |
||